Nueva Biblia Española.

Gespeichert in:
Bibliographische Detailangaben
Weitere Verfasser: Alonso Schökel, Luis (dirección de la traducción de los textos originales), Mateos, Juan (dirección de la traducción de los textos originales)
Format: Buch
Sprache:Spanisch
Veröffentlicht: Madrid, España: Ediciones Cristiandad, 1976.
Ausgabe:Edición latinoamericana.
Schlagworte:
Tags: Tag hinzufügen
Keine Tags, Fügen Sie den ersten Tag hinzu!

MARC

LEADER 00000nam a2200000 a 4500
001 UCL4469
003 CL-VaPUC
005 20231011161453.0
008 040116t19760000SP |||||||||||||||||spa|d
999 |c 307297  |d 307295 
020 |a 84-7057-105-2 
040 |c Pontificia Universidad Católica de Valparaíso 
082 0 4 |a 220 NUE 1976  |2 21 
245 1 0 |a Nueva Biblia Española. 
250 |a Edición latinoamericana.  
260 |a Madrid, España:  |b Ediciones Cristiandad,   |c 1976. 
300 |a 1951 páginas.  
500 |a c.3 Donación Sr. Jorge Precht Pizarro. 26-05-23. Biblioteca Teología. 
583 |a last modification  |c 20040116 00:00:00  |k Rodrigo Vera 
650 0 |a Biblia  |9 257603  |x Antiguo Testamento   |y Nuevo Testamento  
700 |9 884768  |a Alonso Schökel, Luis  |e dirección de la traducción de los textos originales 
700 |9 884771  |a Mateos, Juan   |e dirección de la traducción de los textos originales 
942 |c BK  |2 ddc 
945 |d 20040116 00:00:00  |a vberengu 
952 |0 0  |1 0  |4 0  |6 220_000000000000000_NUE_1976  |7 0  |8 A  |9 373131  |a BIBTEO  |b BIBTEO  |d 2019-11-21  |i 2103311  |l 1  |o 220 NUE 1976  |p 2103311  |r 2025-01-17  |s 2023-03-23  |w 2019-11-21  |y BK  |k ICR 
952 |0 0  |1 0  |2 ddc  |4 0  |6 220_000000000000000_NUE_1976  |7 0  |8 A  |9 591831  |a BIBTEO  |b BIBTEO  |c GEN  |d 2023-10-04  |e Donación   |i 5658907  |o 220 NUE 1976  |p 5658907  |r 2025-01-17  |t 3  |w 2023-10-04  |y BK  |k ICR